000 01231cam a2200325 i 4500
001 42266
003 Mx-PuUPA
005 20220930095718.0
008 140415s1995 mx ab gr b 000 0 spa d
020 _a9683642845
040 _aMx-PuUPA
_bspa
_cMx-PuUPA
_dMx-PuUPA
_erda
041 0 _aspa
245 1 0 _aConquista, transculturación y mestizaje :
_braíz y origen de México /
_cLorenzo Ochoa, editor
250 _aPrimera edición
264 1 _aMéxico, D. F. :
_bInstituto de Investigaciones Antropológicas, UNAM,
_c©1995
300 _a168 páginas, 10 láminas a color sin paginación :
_bilustraciones, mapas ;
_c23 cm
336 _2rdacontent
_atexto
_btxt
337 _2rdamedia
_asin meido
_bn
338 _2rdacarrier
_avolumen
_bnc
650 7 _2armarc
_aAculturación (México)
650 7 _2armarc
_aMestizaje
_zMéxico
651 4 _aMéxico
_xHistoria
_xColonia
_y1521 - 1821
651 4 _aMéxico
_xHistoria
_xConquista
_y1517-1521
651 4 _aMéxico
_xHistoria
_yÉpoca colonial, 1517 - 1810
700 1 _aOchoa, Lorenzo,
_eeditor
942 _2ddc
_cLI
_h972.02
_iC743
999 _c42266
_d42266